Uneven development and regionalism : state,territory and class in Saouthern Europe

Αποθηκεύτηκε σε:
Λεπτομέρειες βιβλιογραφικής εγγραφής
Κύριος συγγραφέας: Χατζημιχάλης, Κωστής
Μορφή: Βιβλίο
Γλώσσα:English
Δημοσίευση: London : Croom Helm, 1987
Θέματα:
Ετικέτες: Προσθήκη ετικέτας
Δεν υπάρχουν, Καταχωρήστε ετικέτα πρώτοι!

MARC

LEADER 00000nam a2200000 i 4500
001 1/97097
008 950201s1987 eng d
020 |a 0-7099-3700-8 
035 |l 10010429 
040 |a GR-MY-UA  |b gre  |e aacr 
041 0 |a eng 
082 0 |a 330.94 0558 
100 1 |a Χατζημιχάλης, Κωστής. 
245 1 0 |a Uneven development and regionalism :  |b state,territory and class in Saouthern Europe /  |c Costis Hadjimichalls 
260 |a London :   |b Croom Helm,   |c 1987 
300 |a 343 p. 
504 |a Bibiography p. 343 
650 0 0 |a Regional planning  |z Europe, Southern. 
651 0 |a Europe, Southern  |x Economic conditions  |x Regional disparities. 
852 |a INST  |b LESVOS  |e 19950201  |h 330.940558 ΧΑΤ  |p 005100003106  |q 005100003106  |t BK  |y 0 
909 |a Λ  |b 037856